<?xml version="1.0" encoding="UTF-8"?>
<record
    xmlns:xsi="http://www.w3.org/2001/XMLSchema-instance"
    xsi:schemaLocation="http://www.loc.gov/MARC21/slim http://www.loc.gov/standards/marcxml/schema/MARC21slim.xsd"
    xmlns="http://www.loc.gov/MARC21/slim">

  <leader>00835nam a2200193   4500</leader>
  <controlfield tag="001">7774</controlfield>
  <controlfield tag="005">20181127184334.0</controlfield>
  <datafield tag="020" ind1="0" ind2="0">
    <subfield code="a">9788192635101</subfield>
  </datafield>
  <datafield tag="082" ind1=" " ind2=" ">
    <subfield code="a">330.95</subfield>
    <subfield code="b"></subfield>
    <subfield code="2"></subfield>
  </datafield>
  <datafield tag="100" ind1="0" ind2="0">
    <subfield code="a">Khan, Mansoor.</subfield>
  </datafield>
  <datafield tag="245" ind1="0" ind2="0">
    <subfield code="a">The third curve :</subfield>
    <subfield code="b">the end of growth as we know it /</subfield>
    <subfield code="c">Mansoor Khan.</subfield>
    <subfield code="h"></subfield>
  </datafield>
  <datafield tag="250" ind1="0" ind2="0">
    <subfield code="a">1st ed.</subfield>
  </datafield>
  <datafield tag="260" ind1="0" ind2="0">
    <subfield code="a">Mumbai India;</subfield>
    <subfield code="b">Mansoor Khan Productions Pvt. Ltd.</subfield>
    <subfield code="c">2013.</subfield>
  </datafield>
  <datafield tag="300" ind1="0" ind2="0">
    <subfield code="a">202 p ; 23 cm.</subfield>
  </datafield>
  <datafield tag="505" ind1=" " ind2=" ">
    <subfield code="a">CONTENTS: Acknowledgement -- Introduction -- Prelude --  Part I: 2 curves-concept vs. reality -- Part II: Peak oil - - Part III: Alternative energy solutions -- Part IV: The  third curve -- Part V: Transition -- Sources &amp; references - - Bibliography -- Reading &amp; reference material.</subfield>
    <subfield code="g"></subfield>
    <subfield code="r"></subfield>
    <subfield code="t"></subfield>
  </datafield>
  <datafield tag="650" ind1="0" ind2="0">
    <subfield code="a">Neoliberalism Asia.</subfield>
    <subfield code="x"></subfield>
  </datafield>
  <datafield tag="651" ind1=" " ind2=" ">
    <subfield code="a">Asia Economic policy.</subfield>
    <subfield code="v"></subfield>
    <subfield code="x"></subfield>
    <subfield code="y"></subfield>
    <subfield code="z"></subfield>
    <subfield code="2"></subfield>
  </datafield>
  <datafield tag="999" ind1=" " ind2=" ">
    <subfield code="c">6673</subfield>
    <subfield code="d">6673</subfield>
  </datafield>
  <datafield tag="952" ind1=" " ind2=" ">
    <subfield code="0">0</subfield>
    <subfield code="1">0</subfield>
    <subfield code="2">ddc</subfield>
    <subfield code="4">0</subfield>
    <subfield code="7">0</subfield>
    <subfield code="8">MAIN</subfield>
    <subfield code="a">RTCLIB</subfield>
    <subfield code="b">RTCLIB</subfield>
    <subfield code="c">MAIN</subfield>
    <subfield code="d">2022-02-19</subfield>
    <subfield code="h"> </subfield>
    <subfield code="i">11763</subfield>
    <subfield code="l">4</subfield>
    <subfield code="m">5</subfield>
    <subfield code="o">330.95 KHA</subfield>
    <subfield code="p">30012442</subfield>
    <subfield code="r">2022-06-17 00:00:00</subfield>
    <subfield code="s">2022-04-26</subfield>
    <subfield code="w">2018-11-27</subfield>
    <subfield code="y">MAIN</subfield>
  </datafield>
</record>
